| 000 | 00812cam a2200157 4500500 | ||
|---|---|---|---|
| 005 | 20260329013007.0 | ||
| 041 | _afre | ||
| 042 | _adc | ||
| 100 | 1 | 0 |
_aKoller, Sylvie _eauthor |
| 245 | 0 | 0 | _aD’autres nouvelles du monde. Les nouveaux chroniqueurs latino-américains |
| 260 | _c2016. | ||
| 500 | _a91 | ||
| 520 | _aAlors que les croisements entre fiction et non-fiction sont à la mode, les chroniques latino-américaines sont curieusement encore mal connues en France. Elles donnent pourtant lieu à une production très riche dans laquelle de grands auteurs s’impliquent. Il n’est pas trop tard pour en découvrir la richesse. | ||
| 786 | 0 | _nÉtudes | Février | 2 | 2016-01-26 | p. 75-85 | 0014-1941 | |
| 856 | 4 | 1 | _uhttps://shs.cairn.info/revue-etudes-2016-2-page-75?lang=fr&redirect-ssocas=7080 |
| 999 |
_c1876246 _d1876246 |
||